The surveyor's factbook (Record no. 109101)

MARC details
000 -LEADER
fixed length control field 01650cai a22002775a 4500
001 - CONTROL NUMBER
control field L146295
008 - FIXED-LENGTH DATA ELEMENTS--GENERAL INFORMATION
fixed length control field 090106c1991 xxk f 001 0 eng d
020 ## - INTERNATIONAL STANDARD BOOK NUMBER
International Standard Book Number 9781855247239
035 ## - SYSTEM CONTROL NUMBER
System control number (Sirsi) u146295
041 0# - LANGUAGE CODE
Language code of text/sound track or separate title eng
050 04 - LIBRARY OF CONGRESS CALL NUMBER
Classification number 333 $2 18
245 04 - TITLE STATEMENT
Title The surveyor's factbook
260 ## - PUBLICATION, DISTRIBUTION, ETC.
Place of publication, distribution, etc. London
Name of publisher, distributor, etc. Gee
Date of publication, distribution, etc. 1991-2007
Place of publication, distribution, etc. Kingston-upon-Thames
Name of publisher, distributor, etc. Wolters Kluwer
Date of publication, distribution, etc. 2008-
300 ## - PHYSICAL DESCRIPTION
Extent 1 v. (loose-leaf)
Dimensions 24 cm.
350 ## - PRICE (NR) (BK AM CF MU VM SE) [OBSOLETE]
Price 225.00
500 ## - GENERAL NOTE
General note Book updated twice a year.
505 2# - FORMATTED CONTENTS NOTE
Formatted contents note How to use -- Index -- Building surveying/Administration -- Planning and development -- Valuation -- Rating and council tax -- Landlord and tenant -- Dilapidations -- Estate agency -- Professional practice -- Tax and accounting -- Property management -- Insurance -- Facts and figures
520 ## - SUMMARY, ETC.
Summary, etc. Provides practical information, interpretation and guidance in the areas of building surveying, planning and development, valuation, rating and council tax, landlord and tenant, dilapidations, estate agency, professional practice, tax and accounting, property management and insurance. Contains facts and figures such as useful addresses, national financial statistics and tables, agricultural statistics, and mortgage repayment tables.
520 ## - SUMMARY, ETC.
Summary, etc. This looseleaf is up-to-date as at August 2009. We have cancelled our subscription and will remove this title from our collection when it becomes out-of-date. Please ask a member of staff for more details.
521 ## - TARGET AUDIENCE NOTE
Target audience note Advanced
590 ## - LOCAL NOTE (RLIN)
Local note KA
651 #4 - SUBJECT ADDED ENTRY--GEOGRAPHIC NAME
Geographic name United Kingdom
Chronological subdivision
690 ## - LOCAL SUBJECT ADDED ENTRY--TOPICAL TERM (OCLC, RLIN)
Topical term or geographic name as entry element MANAGEMENT-BUSINESS MANAGEMENT-PROFESSIONAL PRACTICE
700 1# - ADDED ENTRY--PERSONAL NAME
Personal name Moreton, Peter
Relator term Editor
942 ## - ADDED ENTRY ELEMENTS (KOHA)
Suppress in OPAC 0
Holdings
Withdrawn status Lost status Source of classification or shelving scheme Damaged status Not for loan Home library Current library Shelving location Date acquired Total Checkouts Full call number Barcode Date last seen Copy number Price effective from Koha item type
    Dewey Decimal Classification     London London Books 06/01/2009   333 SUR 30079687 06/08/2019 1 06/08/2019 Book